[Event "Czechia KP-chTB 0607"]
[Site "Czech Republic"]
[Date "2007.03.18"]
[Round "10.5"]
[White "Jerabek, Pavel"]
[Black "Cernovsky, Jiri"]
[Result "1/2-1/2"]
[WhiteElo "1903"]
[BlackElo "2104"]
[PlyCount "47"]
[EventDate "2006.10.29"]
[EventType "team"]
[EventRounds "11"]
[EventCountry "CZE"]
[SourceTitle "EXT 2008"]
[Source "ChessBase"]
[SourceDate "2007.11.25"]
[SourceVersion "1"]
[SourceVersionDate "2007.11.25"]
[SourceQuality "1"]
[WhiteTeam "Podebrady"]
[BlackTeam "Kutna Hora"]
[WhiteTeamCountry "CZE"]
[BlackTeamCountry "CZE"]

1. e4 c6 2. d4 d5 3. exd5 cxd5 4. c4 Nf6 5. Nc3 e6 6. Nf3 Be7 7. Be2 0-0 8. 0-0 b6 9. h3 Bb7 10. Be3 dxc4 11. Bxc4 Nc6 12. Qe2 Nb4 13. Rfe1 Nbd5 14. Nxd5 Nxd5 15. Ne5 Bd6 16. Rac1 Rc8 17. a3 Qh4 18. Ba2 Bxe5 19. dxe5 Qe4 20. Bxd5 exd5 21. Qg4 Qxg4 22. hxg4 Rxc1 23. Rxc1 Rc8 24. Rxc8+ 1/2-1/2

[Event "Czechia KP-chTB 0607"]
[Site "Czech Republic"]
[Date "2007.03.04"]
[Round "9.6"]
[White "Masak, Radim"]
[Black "Jerabek, Pavel"]
[Result "1/2-1/2"]
[WhiteElo "1955"]
[BlackElo "1903"]
[PlyCount "86"]
[EventDate "2006.10.29"]
[EventType "team"]
[EventRounds "11"]
[EventCountry "CZE"]
[SourceTitle "EXT 2008"]
[Source "ChessBase"]
[SourceDate "2007.11.25"]
[SourceVersion "1"]
[SourceVersionDate "2007.11.25"]
[SourceQuality "1"]
[WhiteTeam "Nymburk Sokol"]
[BlackTeam "Podebrady"]
[WhiteTeamCountry "CZE"]
[BlackTeamCountry "CZE"]

1. b3 f5 2. Bb2 Nf6 3. g3 e6 4. Bg2 Be7 5. Nh3 d6 6. d4 c6 7. 0-0 0-0 8. Nd2 Qe8 9. e3 Na6 10. a3 Bd7 11. c4 Rb8 12. Qe2 Nc7 13. a4 b6 14. f3 c5 15. e4 cxd4 16. Bxd4 Bc6 17. e5 Nd7 18. f4 Bxg2 19. Kxg2 Rd8 20. exd6 Bxd6 21. Rfe1 h6 22. Nf3 Nc5 23. Bxc5 Bxc5 24. Ne5 Rd6 25. Ng1 Qa8+ 26. Ngf3 g5 27. Kf1 g4 28. Ng1 Rfd8 29. Qg2 Rd2 30. Ne2 Qxg2+ 31. Kxg2 Rb2 32. Rab1 Rdd2 33. Rxb2 Rxb2 34. Kf1 Rd2 35. Rb1 Kg7 36. b4 Bd6 37. c5 bxc5 38. bxc5 Bxc5 39. Rb7 Bb6 40. a5 Bxa5 41. Rxa7 Rd1+ 42. Kg2 Rd2 43. Kf1 Rd1+ 1/2-1/2